Poker - układy kart - Statystyki

Ogólne statystyki
  • Ten quiz został rozwiązany 194 razy
  • Średni wynik to 8 z 11
Statystyki odpowiedzi
Liczba kart Kolor (przykład) Figura (przykład) Nazwa % Poprawnych
2 różne 2 dziewiątki 'para'
97%
4 różne 2 dziewiątki + 2 dziesiątki 'dwie pary'
91%
3 różne 3 dziewiątki 'trójka'
75%
5 różne 2 dziesiątki + 3 dziewiątki 'full'
73%
4 różne 4 dziewiątki 'kareta'
73%
5 pik/wino (wyłącznie) dziesiątka - as 'królewski poker'
70%
5 trefl/krajc | kier/czerwo | karo/dzwonek dziesiątka - as 'duży poker'
68%
5 trefl/krajc | kier/czerwo | karo/dzwonek | pik/wino dziewiątka - król 'mały poker'
65%
5 trefl/krajc | kier/czerwo | karo/dzwonek | pik/wino różne 'kolor'
64%
5 różne dziewiątka - król 'mały street'
57%
5 różne dziesiątka - as 'duży street'
56%
Nie znaleziono quizów pasujących do podanych kryteriów
Rozkład punktacji
Procent ludzi z każdym wynikiem
Percentyl według liczby udzielonych odpowiedzi
Twoja historia wyników
Nie rozwiązałeś tego quizu